[Event "Liga CS - istok 2016"]
[Site "Kladovo"]
[Date "2016.10.14"]
[Round "8.15"]
[White "Milosevic, Sinisa"]
[Black "Floricelovic, Milos"]
[Result "1/2-1/2"]
[WhiteElo "1993"]
[BlackElo "1953"]
[PlyCount "0"]
[EventDate "2016.09.04"]

1.e4 c5 2.Nf3 d6 3.d4 cxd4 4.Nxd4 Nf6 5.Nc3 a6 6.Bg5 e6 7.f4
Qc7 8.Qf3 Nc6 9.O-O-O Be7 10.Kb1 Bd7 11.g4 Rc8 1/2-1/2

[Event "Liga CS - istok 2016"]
[Site "Kladovo"]
[Date "2016.10.14"]
[Round "8.16"]
[White "Stanojevic, Dragoljub"]
[Black "Jankovic, Uros**"]
[Result "1/2-1/2"]
[WhiteElo "1896"]
[BlackElo "1892"]
[PlyCount "0"]
[EventDate "2016.09.04"]

1.c4 c5 2.Nc3 Nc6 3.g3 g6 4.Bg2 Bg7 5.e3 Nf6 6.Nge2 O-O 7.O-O
e6 8.e4 d6 9.d4 cxd4 10.Nxd4 Nxd4 1/2-1/2

[Event "Liga CS - istok 2016"]
[Site "Kladovo"]
[Date "2016.10.14"]
[Round "8.21"]
[White "Zivkovic, Momcilo"]
[Black "Tosic, Branislav"]
[Result "1/2-1/2"]
[WhiteElo "2071"]
[BlackElo "2220"]
[PlyCount "0"]
[EventDate "2016.09.04"]

1.e4 e5 2.Nf3 Nc6 3.Bb5 a6 4.Ba4 Nf6 5.O-O Be7 6.Qe2 d6 7.c3
O-O 8.h3 Bd7 9.Bc2 Re8 10.d3 Bf8 11.Rd1 g6 12.Nbd2 Nh5 13.Nc4
b5 14.Ne3 Nf4 15.Qf1 Qf6 16.Nd5 Nxd5 17.exd5 Ne7 18.Bg5 Qf5 19.Bxe7
Rxe7 20.Qe2 Qf4 21.Nh2 Rae8 22.Qf3 Qg5 23.a4 f5 24.Qe3 f4 25.Qe4
Qh4 26.axb5 axb5 27.Ra7 Bc8 28.Re1 c5 29.Rxe7 Rxe7 30.Ra1 Bf5
31.Qe1 Rb7 32.Nf3 Qe7 1/2-1/2

[Event "Liga CS - istok 2016"]
[Site "Kladovo"]
[Date "2016.10.14"]
[Round "8.23"]
[White "Desic, Zoran"]
[Black "Filipovic, Milisav"]
[Result "0-1"]
[WhiteElo "2059"]
[BlackElo "2013"]
[PlyCount "0"]
[EventDate "2016.09.04"]

1.e4 d6 2.d4 Nf6 3.Bd3 g6 4.f4 Bg7 5.Nf3 e6 6.c3 Nbd7 7.O-O c5
8.e5 dxe5 9.dxe5 Nd5 10.Bb5 O-O 11.c4 N5b6 12.Be3 Qc7 13.Nc3
a6 14.Bxd7 Bxd7 15.b3 Bc6 16.Qe2 Nc8 17.Ng5 h6 18.Nge4 b6 19.Rad1
Ne7 20.Bf2 Rad8 21.Bh4 Rxd1 22.Rxd1 Nf5 23.Bf6 Nd4 24.Qg4 Qb7
25.Bxg7 Kxg7 26.Nf6 Nf5 27.Rd3 b5 28.cxb5 axb5 29.Ne2 c4 30.Rh3
Rd8 31.Kh1 Rd2 32.Rc3 Qb6 33.Ng1 Qf2 34.Rf3 Qe1 35.Nh5+ Kf8 36.Ng3
Rxg2 37.Kxg2 Ne3+ 38.Kh3 Nxg4 39.Kxg4 Qxg1 40.Rf1 Qxh2 41.bxc4 0-1

[Event "Liga CS - istok 2016"]
[Site "Kladovo"]
[Date "2016.10.14"]
[Round "8.24"]
[White "Zivkovic, Toplica"]
[Black "Stevic, Dragan"]
[Result "1/2-1/2"]
[WhiteElo "1964"]
[BlackElo "1897"]
[PlyCount "0"]
[EventDate "2016.09.04"]

1.d4 f5 2.c4 Nf6 3.Nc3 e6 4.g3 d5 5.cxd5 exd5 6.Bg2 c6 7.Bg5
Bb4 8.Bxf6 Qxf6 9.Nf3 O-O 10.O-O f4 11.Ne5 Bd6 12.e4 Bxe5 13.dxe5
Qxe5 14.exd5 fxg3 15.fxg3 Rxf1+ 16.Qxf1 Nd7 17.Re1 Qd4+ 18.Kh1
Nf6 19.dxc6 bxc6 20.Bxc6 Rb8 21.Rd1 Qb6 22.Qc4+ Kf8 23.Nd5 Nxd5
24.Qxd5 Bh3 25.Rd3 g6 26.Rf3+ Bf5 27.Qd6+ Kg7 28.Qe7+ Kh6 1/2-1/2

[Event "Liga CS - istok 2016"]
[Site "Kladovo"]
[Date "2016.10.14"]
[Round "8.25"]
[White "Dragojevic, Leon*"]
[Black "Radulovic, Sasa"]
[Result "1/2-1/2"]
[WhiteElo "1874"]
[BlackElo "1944"]
[PlyCount "0"]
[EventDate "2016.09.04"]

1.e4 c6 2.d4 d5 3.exd5 cxd5 4.c4 dxc4 5.Bxc4 e6 6.Nf3 Nf6 7.O-O
Be7 8.Nc3 a6 9.d5 exd5 10.Nxd5 Nxd5 11.Qxd5 Qxd5 12.Bxd5 O-O
13.Bg5 Bxg5 14.Nxg5 Nd7 15.Rfe1 Nf6 16.Bb3 Bf5 17.Re7 Bg6 18.Rxb7
h6 19.Nh3 Rad8 20.Re1 Ne4 21.Nf4 Bh7 22.f3 Nc5 23.Ra7 Nxb3 24.axb3
Rd6 25.Ree7 g5 26.Ne2 Bg6 27.Red7 Rxd7 28.Rxd7 Rc8 29.Nd4 Rc1+
30.Kf2 Rb1 31.Rd6 Rxb2+ 32.Kg3 Ra2 33.Nc6 h5 34.Ne7+ Kg7 35.Nxg6
fxg6 36.Rb6 a5 37.Ra6 Ra3 38.Rb6 a4 39.bxa4 Rxa4 40.Rb2 Kh6 41.Re2
Rb4 42.Re4 Rb3 43.Kf2 Ra3 44.Re3 Ra4 45.Re2 Ra3 46.g3 Kg7 47.Rb2
Kf6 48.h3 Ra6 49.h4 gxh4 50.gxh4 Ra5 51.Kg3 Kf5 52.Rb8 Kf6 53.Rf8+
Kg7 54.Rf4 Rb5 55.Re4 Kf6 56.Kf4 Rf5+ 1/2-1/2

[Event "Liga CS - istok 2016"]
[Site "Kladovo"]
[Date "2016.10.14"]
[Round "8.26"]
[White "Nikolic, Nikola*"]
[Black "Jovkic, Nikola"]
[Result "1/2-1/2"]
[WhiteElo "1936"]
[BlackElo "1740"]
[PlyCount "0"]
[EventDate "2016.09.04"]

1.d4 d5 2.c4 e6 3.Nf3 Nf6 4.g3 c5 5.Bg2 Nc6 6.cxd5 exd5 7.O-O
h6 8.Nc3 Be6 9.b3 Be7 10.Bb2 b6 11.e3 Bg4 12.h3 Bh5 13.g4 Bg6
14.Ne5 Rc8 15.Nxg6 fxg6 16.dxc5 Bxc5 17.Nxd5 O-O 18.Nxf6+ gxf6
19.Qxd8 Nxd8 20.Rfd1 Kg7 21.Rd7+ Nf7 22.Rxa7 Rcd8 23.Bf1 g5 24.Bc4
Kg6 25.Bxf7+ Rxf7 26.Rxf7 Kxf7 27.Bd4 Bxd4 28.Rd1 Ra8 29.Rxd4
Rxa2 30.Rd7+ Ke6 31.Rb7 Ra6 32.Kg2 Kd6 33.Rf7 Ke6 34.Rc7 Kd5
35.Kg3 Ra5 36.f4 Rc5 37.Rxc5+ Kxc5 38.e4 Kd4 39.Kf3 b5 40.b4
Kc4 41.Ke3 Kxb4 42.e5 gxf4+ 43.Kxf4 fxe5+ 44.Kxe5 Kc4 45.h4 b4
46.g5 hxg5 47.hxg5 b3 48.g6 1/2-1/2

[Event "Liga CS - istok 2016"]
[Site "Kladovo"]
[Date "2016.10.14"]
[Round "8.27"]
[White "Demic, Aleksandar**"]
[Black "Djokic, Ljubinko"]
[Result "0-1"]
[WhiteElo "1552"]
[BlackElo "1817"]
[PlyCount "0"]
[EventDate "2016.09.04"]

1.e4 c6 2.d4 d5 3.Nd2 dxe4 4.Nxe4 Bf5 5.Ng3 Bg6 6.Nh3 e6 7.Nf4
Bd6 8.h4 Qc7 9.Nxg6 hxg6 10.Ne4 Be7 11.Ng5 Nd7 12.Qf3 Bxg5 13.Bxg5
Qa5+ 14.Bd2 Qd5 15.Qxd5 cxd5 16.O-O-O Ngf6 17.Bb5 a6 18.Bxd7+
Kxd7 19.f3 Rac8 20.b3 Ne8 21.Kb2 Nd6 22.g4 Rh7 23.Rh2 Rch8 24.Rdh1
f6 25.a4 g5 26.Be1 gxh4 27.Rxh4 Rxh4 28.Rxh4 Rxh4 29.Bxh4 e5
30.Kc3 Ke6 31.Kd3 e4+ 32.Ke3 exf3 33.Kxf3 Ne4 34.Ke3 g5 35.Be1
Nd6 36.Bb4 b5 37.Kd3 bxa4 38.Bxd6 Kxd6 39.bxa4 Ke6 40.c4 dxc4+
41.Kxc4 f5 42.d5+ Kd6 43.gxf5 g4 44.f6 g3 45.f7 Ke7 46.Kc5 g2
47.Kb6 g1Q+ 48.Kxa6 Qc5 49.a5 Qxd5 50.Kb6 Qa8 51.a6 Kxf7 0-1

[Event "Liga CS - istok 2016"]
[Site "Kladovo"]
[Date "2016.10.14"]
[Round "8.32"]
[White "Kalcic, Krsta"]
[Black "Cvetkovic, Nemanja"]
[Result "0-1"]
[WhiteElo "2156"]
[BlackElo "2206"]
[PlyCount "0"]
[EventDate "2016.09.04"]

1.e4 Nf6 2.e5 Nd5 3.d4 d6 4.Nf3 Bg4 5.c4 Nb6 6.exd6 exd6 7.h3
Bh5 8.Be3 Be7 9.Nc3 O-O 10.Bd3 Nc6 11.Qb3 Bxf3 12.gxf3 Bg5 13.Ne4
Bxe3 14.fxe3 d5 15.cxd5 Nxd5 16.Ke2 Kh8 17.Rag1 Nxe3 18.Kxe3
Qxd4+ 19.Kd2 Rad8 20.Qc3 Ne5 21.Qxd4 Rxd4 22.Nf2 Nxd3 23.Ne4
Nc5+ 24.Kc3 Rd3+ 25.Kc4 Nxe4 26.Kxd3 Nf2+ 27.Kc4 Nxh1 28.Rxh1
g6 29.Re1 Kg7 30.Re7 Rc8 31.Kd5 Rd8+ 32.Kc5 Rd2 33.b4 Rxa2 34.Rxc7
b6+ 35.Kd5 Rb2 36.Rc4 a5 37.bxa5 bxa5 38.Ra4 Rb3 0-1

[Event "Liga CS - istok 2016"]
[Site "Kladovo"]
[Date "2016.10.14"]
[Round "8.33"]
[White "Grujic, Nebojsa"]
[Black "Rajkovic, Branislav"]
[Result "1-0"]
[WhiteElo "2156"]
[BlackElo "2171"]
[PlyCount "0"]
[EventDate "2016.09.04"]

1.d4 d5 2.Nf3 Nf6 3.Bf4 e6 4.e3 Be7 5.Bd3 O-O 6.Nbd2 b6 7.c3
Nbd7 8.h4 Bb7 9.g4 c5 10.Qe2 cxd4 11.exd4 Re8 12.O-O-O Qc8 13.Ne5
Nxe5 14.Bxe5 Nd7 15.Kb1 f6 16.Bg3 e5 17.f3 a5 18.Rhe1 a4 19.Rc1
Ra5 20.a3 Qc6 21.Qh2 Rc8 22.g5 Ba6 23.Bxa6 Rxa6 24.gxf6 gxf6
25.dxe5 Qb5 26.Qe2 Qxe2 27.Rxe2 fxe5 28.Bxe5 Bxh4 29.Rg1+ Kf8
30.Bd6+ Kf7 31.Rh1 b5 32.Bb4 Bf6 33.Rxh7+ 1-0

[Event "Liga CS - istok 2016"]
[Site "Kladovo"]
[Date "2016.10.14"]
[Round "8.35"]
[White "Miljkovic, Jovana**"]
[Black "Simic, Petar S**"]
[Result "0-1"]
[WhiteElo "2018"]
[BlackElo "2083"]
[PlyCount "0"]
[EventDate "2016.09.04"]

1.d4 Nf6 2.c4 g6 3.Nc3 Bg7 4.e4 d6 5.Nf3 O-O 6.Be2 e5 7.O-O exd4
8.Nxd4 Re8 9.f3 Nc6 10.Nc2 Nh5 11.Nd5 f5 12.exf5 Bxf5 13.Nde3
Nf4 14.Re1 Bxc2 15.Nxc2 Qg5 16.Bxf4 Qxf4 17.g3 Qf6 18.Rb1 Re7
19.f4 Rae8 20.Qd3 Re4 21.Kf1 Kh8 22.Qf3 g5 23.Bd3 Rxe1+ 24.Rxe1
Rxe1+ 25.Nxe1 gxf4 26.gxf4 Bh6 27.Qe4 Qxf4+ 28.Qxf4 Bxf4 29.h3
Kg7 30.Be4 h6 31.Nd3 Be5 32.Bxc6 bxc6 33.Nb4 Bxb2 34.Nxc6 a6
35.Nb8 a5 36.Nc6 a4 37.Na7 Kf6 38.Nb5 Ke5 39.Ke2 c6 40.Na7 Kd4
41.Nxc6+ Kxc4 42.Kd2 Bf6 43.Na7 Kc5 44.Kd3 d5 45.Nc8 Bg5 46.Kc3
Bd8 47.Na7 d4+ 48.Kd3 Bf6 49.Nc8 Bg5 50.Na7 Be7 51.Nc8 Bf8 52.Na7
Kb6 53.Nc8+ Kb7 54.Kxd4 a3 55.Ke5 Kxc8 56.Kf5 Kd7 57.Kg6 Ke6
58.h4 Be7 59.Kxh6 Bxh4 60.Kh5 Ke5 61.Kxh4 Kd4 0-1

[Event "Liga CS - istok 2016"]
[Site "Kladovo"]
[Date "2016.10.14"]
[Round "8.36"]
[White "Stojanovic, Sreten"]
[Black "Golubovic, Marko"]
[Result "0-1"]
[WhiteElo "2094"]
[BlackElo "1977"]
[PlyCount "0"]
[EventDate "2016.09.04"]

1.e4 c5 2.Nf3 d6 3.d4 cxd4 4.Nxd4 Nf6 5.Nc3 a6 6.Be2 e5 7.Nf3
Be7 8.Qd3 Nbd7 9.Be3 b5 10.Nd2 Bb7 11.Bf3 O-O 12.h4 b4 13.Nd5
Nxd5 14.exd5 f5 15.Bg5 e4 16.Bxe7 Qxe7 17.Qe3 Bxd5 18.Be2 Ne5
19.Qd4 Bf7 20.Nc4 Rfd8 21.O-O-O Nxc4 22.Bxc4 d5 23.Bb3 a5 24.Ba4
Rac8 25.Qe3 Qe5 26.f4 Qc7 27.Rd4 Be8 28.Qb3 Qxf4+ 29.Kb1 Bf7
30.g3 Qe5 31.Qe3 Qc7 32.Rh2 Qa7 33.Rhd2 h6 34.Kc1 Rc4 35.Bb5
Rxd4 36.Rxd4 Qc5 37.Ba4 Rc8 38.Kd2 Be8 39.Bb3 Bc6 40.Rxe4 Qxe3+
41.Rxe3 a4 42.c3 axb3 43.axb3 Kf7 44.Rf3 Kf6 45.Rf4 Rb8 46.h5
bxc3+ 47.Kxc3 Ke5 48.b4 Be8 49.Rh4 Rc8+ 50.Kd3 Bb5+ 51.Ke3 Rc4 0-1

[Event "Liga CS - istok 2016"]
[Site "Kladovo"]
[Date "2016.10.14"]
[Round "8.41"]
[White "Todorovic, Zoran D"]
[Black "Modric, Nesa"]
[Result "0-1"]
[WhiteElo "2091"]
[BlackElo "2197"]
[PlyCount "0"]
[EventDate "2016.09.04"]

1.d4 d5 2.c4 Nf6 3.Nf3 e6 4.g3 Be7 5.Bg2 O-O 6.Nc3 Nbd7 7.cxd5
exd5 8.O-O Re8 9.Ne5 c6 10.Qd3 Nxe5 11.dxe5 Nd7 12.f4 f6 13.exf6
Nxf6 14.h3 Bc5+ 15.Kh2 Qe7 16.Bf3 b5 17.Bd2 Bd7 18.Rae1 d4 19.Nd1
Ne4 20.Ba5 Bf5 21.Qb3+ Be6 22.Qc2 Bd5 23.b3 Rac8 24.Nb2 Nf6 25.Nd3
Bd6 26.b4 Kh8 27.Nc5 Bxc5 28.bxc5 Bc4 29.Qf5 Nd5 30.Bxd5 Bxd5
31.g4 Rf8 32.Qe5 Qxc5 33.Rc1 Qa3 34.Bd2 Rce8 35.Qxd4 Rxe2+ 36.Rf2
Qf3 37.Rcf1 0-1

[Event "Liga CS - istok 2016"]
[Site "Kladovo"]
[Date "2016.10.14"]
[Round "8.42"]
[White "Radakovic, Stevan"]
[Black "Mitic, Dragan"]
[Result "1-0"]
[WhiteElo "2087"]
[BlackElo "2129"]
[PlyCount "0"]
[EventDate "2016.09.04"]

1.e4 c5 2.Nf3 Nc6 3.d4 cxd4 4.Nxd4 Nf6 5.Nxc6 bxc6 6.Bd3 h6 7.O-O
Qb6 8.Nc3 d6 9.Na4 Qc7 10.f4 e6 11.b3 Be7 12.Bb2 d5 13.Be5 Qd8
14.Bxf6 Bxf6 15.e5 Be7 16.Qg4 g6 17.Rad1 h5 18.Qh3 Qa5 19.Kh1
Bd7 20.g4 c5 21.f5 gxf5 22.gxf5 O-O-O 23.f6 Bf8 24.Be2 Bxa4 25.bxa4
Qxa4 26.c4 Kc7 27.Qf3 d4 28.Rb1 Qc6 29.Qxc6+ Kxc6 30.Bf3+ Rd5
31.Rb8 Rg8 32.Rfb1 Rg5 33.Rxf8 Rf5 34.cxd5+ exd5 35.Kg2 Rxe5 1-0

[Event "Liga CS - istok 2016"]
[Site "Kladovo"]
[Date "2016.10.14"]
[Round "8.43"]
[White "Jovanovic, Milan D"]
[Black "Celenkovic, Bojan*"]
[Result "1/2-1/2"]
[WhiteElo "2044"]
[BlackElo "2048"]
[PlyCount "0"]
[EventDate "2016.09.04"]

1.d4 d5 2.c4 e6 3.Nc3 Nf6 4.cxd5 exd5 5.Bg5 Be7 6.Qc2 O-O 7.e3
Nbd7 8.Bd3 c6 9.Nge2 Re8 10.O-O Nf8 11.f3 Ng6 12.Nf4 Nxf4 13.Bxf4
Bd6 14.Bxd6 Qxd6 15.Qf2 Nh5 16.Rae1 Bd7 17.g4 Nf6 18.Qh4 h6 19.Qg3
Qxg3+ 20.hxg3 g6 21.Kf2 Re7 22.e4 dxe4 23.Nxe4 Nxe4+ 24.Rxe4
Rxe4 25.Bxe4 Be6 26.a3 Rd8 27.Ke3 Kg7 1/2-1/2

[Event "Liga CS - istok 2016"]
[Site "Kladovo"]
[Date "2016.10.14"]
[Round "8.44"]
[White "Damjanovic, Nebojsa"]
[Black "Miljkovic, Slobodan*"]
[Result "0-1"]
[WhiteElo "2039"]
[BlackElo "1752"]
[PlyCount "0"]
[EventDate "2016.09.04"]

1.e4 c5 2.Nf3 Nc6 3.d4 cxd4 4.Nxd4 e6 5.Nxc6 bxc6 6.Be3 d5 7.exd5
cxd5 8.Bb5+ Bd7 9.Bxd7+ Qxd7 10.O-O Nf6 11.Bd4 Be7 12.Nd2 O-O
13.Nf3 Rac8 14.c3 Ne4 15.Ne5 Qc7 16.f3 Nd6 17.Qe2 f6 18.Nd3 e5
19.Bf2 a5 20.f4 Ne4 21.Be3 Qc4 22.fxe5 fxe5 23.Rxf8+ Rxf8 24.Nc1
Qc6 25.Nb3 a4 26.Nd2 Nxd2 27.Qxd2 Qc4 28.g3 Bf6 29.Bf2 Rd8 30.Qe3
d4 31.Qe4 Qb5 0-1

[Event "Liga CS - istok 2016"]
[Site "Kladovo"]
[Date "2016.10.14"]
[Round "8.51"]
[White "Milunovic, Toni"]
[Black "Radenkovic, Dragan"]
[Result "1/2-1/2"]
[WhiteElo "2266"]
[BlackElo "2154"]
[PlyCount "0"]
[EventDate "2016.09.04"]

1.d4 Nf6 2.c4 e6 3.Nf3 d5 4.g3 Bb4+ 5.Bd2 Qe7 6.Bg2 O-O 7.O-O
dxc4 8.Qc2 Nc6 9.Qxc4 Nd5 10.a3 Bxd2 11.Nbxd2 Bd7 1/2-1/2

[Event "Liga CS - istok 2016"]
[Site "Kladovo"]
[Date "2016.10.14"]
[Round "8.54"]
[White "Ninic, Dragoslav"]
[Black "Stojanovic, Goran"]
[Result "1/2-1/2"]
[WhiteElo "2003"]
[BlackElo "2022"]
[PlyCount "0"]
[EventDate "2016.09.04"]

1.Nf3 Nf6 2.Nc3 g6 3.e4 d6 4.d4 Bg7 5.Be2 c6 6.h3 b5 7.a3 Qc7
8.Bf4 Nbd7 9.O-O e5 10.dxe5 dxe5 11.Bh2 Bb7 12.Bd3 a6 13.Re1
c5 14.Nd5 Nxd5 15.exd5 Bxd5 1/2-1/2

[Event "Liga CS - istok 2016"]
[Site "Kladovo"]
[Date "2016.10.14"]
[Round "8.55"]
[White "Milunovic, Sasa"]
[Black "Radovanovic, Danko"]
[Result "1/2-1/2"]
[WhiteElo "1932"]
[BlackElo "1844"]
[PlyCount "0"]
[EventDate "2016.09.04"]

1.d4 d5 2.Nf3 Nf6 3.e3 Bg4 4.c4 c6 5.Nc3 e6 6.cxd5 exd5 7.Be2
Nbd7 8.O-O Be7 9.Bd2 O-O 10.a3 Re8 11.b4 a6 12.Qc2 Bd6 13.h3
Bh5 14.Nh2 Bg6 15.Bd3 Bxd3 16.Qxd3 1/2-1/2